000 00454nam a2200205Ia 4500
003 OSt
005 20230421091733.0
008 210423s2003 xx 000 0 und d
020 _a415229391
040 _cAL
041 _aeng
082 _a808.80384 MORP
100 _aMORRIS (Pam).
_991246
245 _aRealism.
260 _aLondon
_bRoutledge
_c2003
300 _aix,186
_bPB
365 _b240
_cINR
906 _aRealism.
942 _2ddc
_cBK
999 _c160401
_d160401